<?xml version="1.0" encoding="UTF-8"?>
<record
    xmlns:xsi="http://www.w3.org/2001/XMLSchema-instance"
    xsi:schemaLocation="http://www.loc.gov/MARC21/slim http://www.loc.gov/standards/marcxml/schema/MARC21slim.xsd"
    xmlns="http://www.loc.gov/MARC21/slim">

  <leader>00533nam a22001697a 4500</leader>
  <controlfield tag="008">240411b        |||||||| |||| 00| 0 eng d</controlfield>
  <datafield tag="020" ind1=" " ind2=" ">
    <subfield code="a">0-02-874112-9</subfield>
  </datafield>
  <datafield tag="050" ind1=" " ind2=" ">
    <subfield code="a">HD 30.28 .D33 1995 </subfield>
  </datafield>
  <datafield tag="100" ind1=" " ind2=" ">
    <subfield code="a">D'AVENI,RICHARD A.</subfield>
  </datafield>
  <datafield tag="245" ind1=" " ind2=" ">
    <subfield code="a">HYPERCOMPETITIVE RIVALRIES</subfield>
    <subfield code="b">COMPETING IN HIGHLY DYNAMIC ENVIRONMENTS</subfield>
  </datafield>
  <datafield tag="260" ind1=" " ind2=" ">
    <subfield code="a">NEW YORK</subfield>
    <subfield code="b">THE FREE PRESS</subfield>
    <subfield code="c">1995</subfield>
  </datafield>
  <datafield tag="300" ind1=" " ind2=" ">
    <subfield code="a">xv,269P.</subfield>
  </datafield>
  <datafield tag="500" ind1=" " ind2=" ">
    <subfield code="a">INCLUDES BIBLIOGRAPHICAL REFERENCES AND INDEX</subfield>
  </datafield>
  <datafield tag="650" ind1=" " ind2=" ">
    <subfield code="a">STRATEGIC PLANNING:COMPETITION</subfield>
  </datafield>
  <datafield tag="700" ind1=" " ind2=" ">
    <subfield code="a">GUNTHER,ROBERT </subfield>
  </datafield>
  <datafield tag="942" ind1=" " ind2=" ">
    <subfield code="2">lcc</subfield>
    <subfield code="c">BK</subfield>
  </datafield>
  <datafield tag="999" ind1=" " ind2=" ">
    <subfield code="c">209799</subfield>
    <subfield code="d">209799</subfield>
  </datafield>
  <datafield tag="952" ind1=" " ind2=" ">
    <subfield code="0">0</subfield>
    <subfield code="1">0</subfield>
    <subfield code="2">lcc</subfield>
    <subfield code="4">0</subfield>
    <subfield code="6">HD003028 D33  01995</subfield>
    <subfield code="7">0</subfield>
    <subfield code="8">BUS</subfield>
    <subfield code="9">340932</subfield>
    <subfield code="a">KSUL</subfield>
    <subfield code="b">KSUL</subfield>
    <subfield code="c">DISPLAY</subfield>
    <subfield code="d">2024-04-11</subfield>
    <subfield code="i">99837</subfield>
    <subfield code="l">0</subfield>
    <subfield code="o">HD 30.28 .D33 1995</subfield>
    <subfield code="p">000000005702</subfield>
    <subfield code="r">2024-04-11 09:32:55</subfield>
    <subfield code="t">C.1</subfield>
    <subfield code="w">2024-04-11</subfield>
    <subfield code="y">BK</subfield>
  </datafield>
</record>
